| 000 | 00763nam a2200181 a 4500 | ||
|---|---|---|---|
| 001 | 000035288 | ||
| 005 | 20200930074231.0 | ||
| 008 | 111027s2006 es 000 0 spa d | ||
| 020 | _a8483192624 | ||
| 100 | 1 |
_aDarwin, Charles, _d1809-1882 _923703 |
|
| 245 | 1 | 3 |
_aLa estructura y distribución de los arrecifes de coral : _bprimera parte del viaje geológico del "Beagle" / _cCharles Darwin ; traducción e introducción de Armando García González. |
| 260 |
_aMadrid : _bConsejo Superior de Investigaciones Científicas, _c2006. |
||
| 300 |
_a269 p. : _bil., mapas ; _c22 cm. |
||
| 500 | _aIncluye índice | ||
| 500 | _aIncluye referencias bibliográficas y notas al pie de las páginas | ||
| 700 | 1 | 2 |
_aGarcía González, Armando _etr. _915151 |
| 999 |
_c34779 _d34779 |
||
| 040 | _aDO-SdBNP | ||